Sports Quiz

Random Sports or MLB Quiz

MLB Travel Maps Quiz Stats

 Plays Quiz Updated Apr 12, 2019

Score 0/16 Timer 05:00
0 Plays Today
% Correct
Álex Rodríguez
Mariners → Rangers → Yankees
87.5%
Babe Ruth
Red Sox → Yankees → Braves
85.1%
Ken Griffey Jr.
Mariners → Reds → White Sox →
Mariners
81.9%
Hank Aaron
Braves → Braves → Brewers
76.7%
Mark McGwire
Athletics → Cardinals
71.6%
Ty Cobb
Tigers → Athletics
71%
Rafael Palmeiro
Cubs → Rangers → Orioles →
Rangers → Orioles
67.9%
Andrés Galarraga
Expos → Cardinals → Rockies →
Braves → Rangers → Giants →
Expos → Giants → Angels
67.3%
% Correct
Manny Ramírez
Indians → Red Sox → Dodgers →
White Sox → Rays
61%
Honus Wagner
Colonels → Pirates
60.1%
Shawn Green
Blue Jays → Dodgers →
Diamondbacks → Mets
56.1%
Adam Dunn
Reds → Diamondbacks → Nationals →
White Sox → Athletics
56%
Dennis Eckersley
Indians → Red Sox → Cubs →
Athletics → Cardinals → Red Sox
53.9%
Rogers Hornsby
Cardinals → Giants → Braves →
Cubs → Cardinals, Browns
51.3%
Jim Thome
Indians → Phillies → White Sox →
Dodgers → Twins → Indians →
Phillies → Orioles
45.8%
Steve Carlton
Cardinals → Phillies → Giants →
White Sox → Indians → Twins
45%

You're not logged in!

Compare scores with friends on all Sporcle quizzes.
OR
Log In

Sporcle TV

Today on Sporcle TV


Watch our educational content, quiz creation guides, and fun videos on Sporcle TV.

Show Comments

Extras

Top Quizzes Today


Score Distribution

Your Account Isn't Verified!

In order to create a playlist on Sporcle, you need to verify the email address you used during registration. Go to your Sporcle Settings to finish the process.

Report this User

Report this user for behavior that violates our Community Guidelines.

Details: